000 00446nam a2200181Ia 4500
001 2803
005 20260306144834.0
008 260306t2011||||xx |||||||||||||| ||spa||
041 _aESP
082 _a230.1
_bB61
100 _aBlanco Sarto, Pablo
_eAUT
245 0 _aLa teología de Joseph Ratzinger:
_buna introducción
260 _c2011
300 _a427 páginas :
_c24 cm.
650 _aGEN
654 _aCHU
942 _cLIB
_dJUS
_fJUS
_2ddc
_n
999 _c2803
_d2803